Lý thuyết hàm ngẫu nhiên và ứng dụng vào vấn đề điều khiển tự động. Tập 2
Trình bày các đặc trưng của hệ động lực; nghiên cứu độ chính xác của các hệ tuyến tính. Nghiên cứu độ chính xác của các hệ phi tuyến; Xác định các đặc trưng của đại lượng ngẫu nhiên theo các kết quả thực nghiệm.
Đã lưu trong:
| Tác giả chính: | |
|---|---|
| Định dạng: | Sách |
| Năm xuất bản: |
H.
Đại học & Trung học chuyên nghiệp,
1978.
|
| Chủ đề: | |
| Tags: |
Thêm thẻ
Không có thẻ, Hãy là người đầu tiên gắn thẻ bản ghi này!
|
| LEADER | 01112nam a2200181 4500 | ||
|---|---|---|---|
| 082 | |a 515 |b P600G | ||
| 100 | |a Pygatrep, V.S. | ||
| 245 | |a Lý thuyết hàm ngẫu nhiên và ứng dụng vào vấn đề điều khiển tự động. |c V.S Pygatrep; Nguyễn Văn Hữu, Huỳnh Sum dịch |n Tập 2 | ||
| 260 | |a H. |b Đại học & Trung học chuyên nghiệp, |c 1978. | ||
| 300 | |a 379tr. |c 21cm. | ||
| 520 | |a Trình bày các đặc trưng của hệ động lực; nghiên cứu độ chính xác của các hệ tuyến tính. Nghiên cứu độ chính xác của các hệ phi tuyến; Xác định các đặc trưng của đại lượng ngẫu nhiên theo các kết quả thực nghiệm. | ||
| 653 | |a Toán học | ||
| 653 | |a Lý thuyết hàm | ||
| 653 | |a Hàm ngẫu nhiên | ||
| 942 | |2 ddc |c STK0 | ||
| 999 | |c 7067 |d 7067 | ||
| 952 | |0 0 |1 0 |2 ddc |4 0 |6 515_000000000000000_P600G |7 0 |8 500 |9 65649 |a qbu |b qbu |c D3 |d 2015-01-27 |o 515 P600G |p 6628.c1 |r 0000-00-00 |w 2015-01-27 |y STK0 | ||
| 952 | |0 0 |1 0 |2 ddc |4 0 |6 515_000000000000000_P600G |7 0 |8 500 |9 65650 |a qbu |b qbu |c D3 |d 2015-01-27 |o 515 P600G |p 6628.c2 |r 0000-00-00 |w 2015-01-27 |y STK0 | ||